UBT Library

Contemporary marketing / (Record no. 1369)

000 -LEADER
fixed length control field 00420nam a22001577a 4500
008 - FIXED-LENGTH DATA ELEMENTS--GENERAL INFORMATION
fixed length control field 151119b xxu||||| |||| 00| 0 eng d
020 ## - INTERNATIONAL STANDARD BOOK NUMBER
International Standard Book Number 0030031893
041 0# - LANGUAGE CODE
Language code of text/sound track or separate title eng
080 ## - UNIVERSAL DECIMAL CLASSIFICATION NUMBER
Universal Decimal Classification number 339.138
245 ## - TITLE STATEMENT
Title Contemporary marketing /
Statement of responsibility, etc Louis E. Boone; David L. Kurtz;
250 ## -
-- 5th ed.
260 ## -
-- USA:
-- CBS College Publishing;
-- 1986.
300 ## -
-- 578 f.:
-- me il.;
-- 24 cm.
650 #0 -
-- Marketing
942 ## - ADDED ENTRY ELEMENTS (KOHA)
Source of classification or shelving scheme
Item type Books
Holdings
Withdrawn status Lost status Source of classification or shelving scheme Damaged status Not for loan Collection code Permanent location Current location Shelving location Date acquired Total Checkouts Full call number Barcode Date last seen Koha item type
          Koleksioni i përgjithshem UBT - Lipjan UBT - Lipjan Koleksioni i përgjithshem 11/19/2015   339.138 BOO 002-008651 11/19/2015 Books
UBT Library © 2015-2024. All rights reserved University Education for Business and Technology